000 00687nam a2200241 a 4500
001 69294
003 BD-RjUL
005 20211209081853.0
008 170410s1974 paua b 001 0 eng d
020 _a0397520638
035 _a(BD-RjUL)69505
040 _aDLC
_cDLC
_dBD-RjUL
_beng
041 _aeng
082 0 0 _a572
_223
_bBHB 1974
100 1 _aBhagavan, N. V.
_9205302
245 1 0 _aBiochemistry :
_ba comprehensive review /
_c N. V. Bhagavan.
260 _aPhiladelphia :
_bLippincott ,
_c1974.
300 _axii, 964 p. :
_bill. ;
_c24 cm.
504 _aIncludes bibliography and index
650 0 _aBiochemistry.
_9205303
650 2 _aBiochemistry.
_9205303
942 _2ddc
_cBK
999 _c69294
_d69294